[Event "Catalunya-chT"]
[Site "Catalunya"]
[Date "2012.02.18"]
[Round "4.7"]
[White "Castellet Giralt, Gabriel"]
[Black "Almeida Toledano, Daniel"]
[Result "1/2-1/2"]
[WhiteElo "2216"]
[BlackElo "2347"]
[PlyCount "34"]
[EventDate "2012.01.28"]
[EventType "team-tourn"]
[EventRounds "11"]
[EventCountry "ESP"]
[SourceTitle "EXT 2013"]
[Source "ChessBase"]
[SourceDate "2012.11.22"]
[SourceVersion "1"]
[SourceVersionDate "2012.11.22"]
[SourceQuality "1"]
[WhiteTeam "Cerdanyola Valles"]
[BlackTeam "Barcelona Escola Escacs"]
[WhiteTeamCountry "ESP"]
[BlackTeamCountry "ESP"]

1. d4 d5 2. c4 c6 3. cxd5 cxd5 4. Nc3 Nf6 5. Nf3 Nc6 6. Bf4 Bf5 7. e3 e6 8. Qb3 Bb4 9. Bb5 0-0 10. 0-0 Bxc3 11. Bxc6 Bxb2 12. Bxb7 Bxa1 13. Rxa1 h6 14. Rc1 Ne4 15. Bc7 Rc8 16. Bxc8 Qxc8 17. Qb5 Qa8 1/2-1/2

[Event "Catalunya-chT"]
[Site "Barcelona"]
[Date "2011.02.05"]
[Round "2"]
[White "Castellet Giralt, Gabriel"]
[Black "Rivas Garcia, Victor"]
[Result "1/2-1/2"]
[WhiteElo "2203"]
[BlackElo "2247"]
[PlyCount "168"]
[EventDate "2011.01.29"]
[EventType "team-tourn"]
[EventRounds "11"]
[EventCountry "ESP"]
[SourceTitle "EXT 2012"]
[Source "ChessBase"]
[SourceDate "2011.11.24"]
[SourceVersion "1"]
[SourceVersionDate "2011.11.24"]
[SourceQuality "1"]
[WhiteTeam "Cerdanyola Valles"]
[BlackTeam "Barbera"]
[WhiteTeamCountry "ESP"]
[BlackTeamCountry "ESP"]

1. d4 f5 2. g3 Nf6 3. Bg2 g6 4. Nh3 Bg7 5. Nf4 Nc6 6. d5 Ne5 7. c3 c6 8. 0-0 0-0 9. Na3 Qb6 10. Rb1 Nxd5 11. Nxd5 cxd5 12. Be3 Qa5 13. Bxd5+ e6 14. Bb3 b6 15. Nc4 Nxc4 16. Bxc4 Kh8 17. Qd6 Qe5 18. Bf4 Qxd6 19. Bxd6 Rf7 20. Rfd1 Bb7 21. Rd2 Rc8 22. Bb3 g5 23. Rbd1 Bc6 24. a4 h6 25. a5 b5 26. f3 a6 27. Kf2 Bf6 28. e3 g4 29. f4 h5 30. Be5 Bxe5 31. fxe5 Rh7 32. Rf1 h4 33. gxh4 Rxh4 34. Kg3 Rh3+ 35. Kf4 Rg8 36. Bd1 g3 37. hxg3 Rgxg3 38. Rff2 Rxe3 39. Rh2 Re4+ 40. Kg5 Rxh2 41. Rxh2+ Kg7 42. Rd2 Rxe5 43. Rd6 Rd5 44. Rxd5 Bxd5 45. Bh5 Kf8 46. Kf4 Ke7 47. Ke5 d6+ 48. Kd4 Bc4 49. Bf3 e5+ 50. Ke3 d5 51. Bh5 f4+ 52. Kf3 Bb3 53. Bg6 Bd1+ 54. Kf2 e4 55. Bf5 Kd8 56. b4 e3+ 57. Ke1 Bh5 58. Be6 Bf3 59. Kf1 Kc7 60. Ke1 Kb7 61. Kf1 Be4 62. Ke2 Kc7 63. Bg4 Bc2 64. Be6 Bb3 65. Bg4 Bc4+ 66. Kf3 Bd3 67. Be6 Bc4 68. Bg4 Bd3 69. Be6 Be4+ 70. Ke2 Bg2 71. Bg4 Bh1 72. Be6 Be4 73. Bg4 Bg6 74. Kf3 Bd3 75. Be6 e2 76. Kf2 Bc4 77. Bg4 Bd3 78. Be6 Bc4 79. Bg4 Kd8 80. Bxe2 Bxe2 81. Kxe2 Ke7 82. Kf3 Ke6 83. Kxf4 Kf6 84. Ke3 Ke6 1/2-1/2